000 01988cam a22002054a 4500
005 20250605164124.0
008 250528s ||||||||||||||||||||||||d
035 _a18378
020 _a9606674029
040 _aGR-AtMCL
_bgre
_dGR-AtMCL
_eAACR2
245 1 _aΕπενδύσεις / Διοίκηση και Ανάλυση: Τρίτη Έκδοση
250 _a
260 _bΣύγχρονη Εκδοτική,
_c2006
300 _a632
520 _aΕισαγωγή - Κανονισμός, Οι Χρηματοοικονομικές Αγορές, Κανονισμός και Παράγοντες, Υποδομή και Υπηρεσίες και Θεωρίες Επενδύσεων, Υποδομή Χρηματιστηριακών Επενδύσεων, Χρηματιστιριακές Υπηρεσίες και Συναλλαγές, Χρηματιστηριακές Θεωρίες και Τακτικές, Λογαριασμός Margin και Δανεισμός Τίτλων, Δευτερογενείς Αγορές, Αγορά Χρεογράφων, Μετοχικό Κεφάλαιο, Μεταβολή Τιμής και Υπολογισμός Απόδοσης, Ανάλυση και Αξιολόγηση Μετοχών, Ανάλυση Εθνικής Οικονομίας, Ανάλυση Κλάδου, Χρηματοοικονομικές Καταστάσεις και Βασική Ανάλυση, Μετοχική Ανάλυση: Ιστορικά Στοιχεία, Μετοχική Ανάλυση: Πρόβλεψη Κερδών, Μετοχική Ανάλυση: Αποτελεσματικότητα Α.Ε., Μετοχική Ανάλυση: Διάρθρωση Ισολογισμού, Μετοχική Ανάλυση: Αποτίμηση, Τεχνικές Προοπτικές, Τεχνική Ανάλυση, Παράρτημα, Πίνακες, Ευρετήριο.
700 1 _aΠαππούλιας Γεώργιος Π
_91109
942 _cBK
999 _c3740
_d3740